Muslims and Christian - A Teachers Seminar (Record no. 21832)
[ view plain ]
| 000 -LEADER | |
|---|---|
| fixed length control field | 00348nam a2200109Ia 4500 |
| 100 ## - MAIN ENTRY--AUTHOR NAME | |
| Author name | G.Gispert-Sauch |
| 245 #0 - TITLE STATEMENT | |
| Title | Muslims and Christian - A Teachers Seminar |
| 500 ## - GENERAL NOTE | |
| General note | The Bulletin of Christian Institute of Islamic Studies Oct 1968 |
| 650 ## - SUBJECT ADDED ENTRY--TOPICAL TERM | |
| Topical Term | Interfaith Relations and Dialogue |
| 942 ## - ADDED ENTRY ELEMENTS (KOHA) | |
| Koha item type | Book Reviews |
No items available.
